000 00442nam a2200193Ia 4500
005 20250425162703.0
008 250425s9999 xx 000 0 und d
041 _aspa
043 _acl
082 _a551.4601
245 0 _aVII JORNADAS DE CIENCIAS DEL MAR
250 _aS.E
260 _aChile
_bCOMITE CIENCIAS DEL MAR
_c1987
260 _aCONCEPCION
300 _a181
650 _aOCEANOGRAFIA
942 _c01
010 _a96824
999 _c234367
_d234367